| 000 | 01635nam0a2200313 4500 | ||
|---|---|---|---|
| 001 | RU\NLR\BIBL_A\011887120 | ||
| 005 | 20181219164824.0 | ||
| 010 |
_a978-5-7899-1121-1 _950 |
||
| 021 |
_aRU _bКН-П-18-086947 _9КН-П-18-6307 |
||
| 035 | _a(NLR Aleph) 011887120 | ||
| 035 | _a(RuMoRGB)009808245 | ||
| 090 |
_a10810671 _c10810671 |
||
| 100 | _a20181210d2018 u y0rusy50 ca | ||
| 101 | 0 | _arus | |
| 102 | _aRU | ||
| 105 | _aa zzzz0|||1yy | ||
| 200 | 1 |
_aТактика и психология общения с лицами, подлежащими государственной защите, на стадии предварительного расследования _eучебное пособие _fЕ. И. Замылин _gМинистерство внутренних дел Российской Федерации, Волгоградская академия |
|
| 210 |
_aВолгоград _cВА МВД России _d2018 |
||
| 215 |
_a126, [1] с. _cил. _d21 |
||
| 320 | _aБиблиогр.: с. 114-127 и в подстроч. примеч. | ||
| 606 | 1 |
_aУчастники уголовного процесса _jУчебные издания для высших учебных заведений _xОбеспечение безопасности _xПсихологическое сопровождение _92241656 _3RU\NLR\AUTH\6601576394 |
|
| 686 | 1 | _aЮ947.2я73 | |
| 686 | 1 | _aХ629.3я73 | |
| 700 | 1 |
_aЗамылин _bЕ. И. _gЕвгений Иванович |
|
| 942 | _cBOOK | ||
| 980 | _aNBR | ||
| 980 | _aNB | ||